000 00523nam a2200181Ia 4500
005 20250508162501.0
008 008 250505s9999 xx 000 0 eng d
037 _aTextual
040 _aFEDL
_beng
_cFEDL
041 _aeng
_2eng
084 _a378, SET
_qFEDL
100 _aSethi J D
245 0 _aCrisis and collapse of higher education in India
260 _aNew Delhi, India
_bVikas Publishing House Private Limited
_c1983
300 _a255p.
942 _cTEXL
_h378, SET
999 _c1376838
_d1376838